The Carl Rogers Reader /

محفوظ في:
التفاصيل البيبلوغرافية
المؤلف الرئيسي: Rogers, Carl R. (autor)
مؤلفون آخرون: Kirschenbaum, Howard (edición) (edición), Henderson, Valerie Land (edición) (edición)
التنسيق: كتاب
اللغة:الإنجليزية
منشور في: Nueva York, EUA : Houghton Mifflin, 1989, c1989
الموضوعات:
الوسوم: إضافة وسم
لا توجد وسوم, كن أول من يضع وسما على هذه التسجيلة!

MARC

LEADER 00000nam^a2200000^a^4500
001 000158054
005 20250521000000.0
009 20260310100559.983
020 |a 0-395-48357-3 
037 |a Acervo ITESO - Biblioteca 
041 |a ING 
082 |a 616. 89146  |b ROG 
100 |a Rogers, Carl R.  |e (autor) 
245 1 4 |a The Carl Rogers Reader /  |c C.R. Rogers ; ed. de H. Kirschenbaum, V. Land Henderson. 
264 4 |a Nueva York, EUA :  |b Houghton Mifflin,  |c 1989, c1989 
300 |a XVI, 526 p. 
336 |a texto  |b txt  |2 rdacontenido 
337 |a sin mediación  |b n  |2 rdamedio 
338 |a volumen  |b nc  |2 rdasoporte 
649 |a XX 
650 |a Psicoterapeutas Norteamericanos 
650 |a Psicólogos Norteamericanos 
650 |a Relación Terapéutica 
650 |a Terapia Centrada en la Persona 
650 |a Psicoterapia 
650 |a Psicología Clínica 
650 |a Psicología 
650 |a Rogers, Carl R. 
700 |a Kirschenbaum, Howard  |e (edición) 
700 |a Henderson, Valerie Land  |e (edición) 
910 |a Fondo General 
920 |a Impresos - Libros 
930 |a Colección General 
905 |a 101 
901 |a 0500087742  |b IT1  |c ACC  |u 20250521 
902 |a https://opac.biblio.iteso.mx/vufind/Record/000158054